Hương vị của gió Tập truyện
v.v...
Đã lưu trong:
| Tác giả chính: | |
|---|---|
| Định dạng: | Sách |
| Năm xuất bản: |
Tp. Hồ Chí Minh
Nxb Trẻ
1999
|
| Chủ đề: | |
| Tags: |
Thêm thẻ
Không có thẻ, Hãy là người đầu tiên gắn thẻ bản ghi này!
|
| LEADER | 01043nam a2200205 4500 | ||
|---|---|---|---|
| 082 | |a 895.922334 |b NG527H | ||
| 100 | |a Nguyễn Hồng Dung | ||
| 245 | |a Hương vị của gió |c Nguyễn Hồng Dung |b Tập truyện | ||
| 260 | |a Tp. Hồ Chí Minh |b Nxb Trẻ |c 1999 | ||
| 300 | |a 191 tr. |c 18 cm. | ||
| 500 | |a Nội dung: Khung phố, Trở lại với dòng sông, Giai điệu xanh... Hương vị của gió. | ||
| 520 | |a v.v... | ||
| 653 | |a Văn học hiện đại | ||
| 653 | |a Việt Nam | ||
| 653 | |a Truyện ngắn | ||
| 942 | |2 ddc |c STK0 | ||
| 999 | |c 1844 |d 1844 | ||
| 952 | |0 0 |1 0 |2 ddc |4 0 |6 895_922331000000000_NG527H |7 1 |8 800 |9 28725 |a qbu |b qbu |c D5 |d 2014-12-10 |g 13500 |o 895.922331 NG527H |p 1139.c1 |r 0000-00-00 |w 2014-12-10 |y STK0 | ||
| 952 | |0 0 |1 0 |2 ddc |4 0 |6 895_922331000000000_NG527H |7 0 |8 800 |9 28726 |a qbu |b qbu |c D5 |d 2014-12-10 |g 13500 |o 895.922331 NG527H |p 1139.c2 |r 0000-00-00 |w 2014-12-10 |y STK0 | ||
| 952 | |0 0 |1 0 |2 ddc |4 0 |6 895_922331000000000_NG527H |7 0 |8 800 |9 28727 |a qbu |b qbu |c D5 |d 2014-12-10 |g 13500 |o 895.922331 NG527H |p 1139.c3 |r 0000-00-00 |w 2014-12-10 |y STK0 | ||